Kortársunk, a történelem. Mítosz és valóság
Elmentve itt :
| Szerző: | |
|---|---|
| Adatforrás: | Meister |
| Forrásdokumentuma: | A Hét. - 40 sz., 1998, 4 p. |
| Nyelv: | magyar |
| Kulcsszavak: | kisebbségtörténet szatmári béke, 1711 kurucok pozsonyi országgyűlés, 1712 országgyűlés (Pozsony, 1712) Rákóczi-szabadságharc RÁKÓCZI Ferenc II. KORPONAY Jánosné (Géczy Julianna) |
| LEADER | 00641nab a2200205 i 4500 | ||
|---|---|---|---|
| 001 | bibPRO00007649 | ||
| 008 | 060524s1998 xx hun | ||
| 040 | |a Sz1 | ||
| 041 | |a hun | ||
| 100 | 1 | |a VAJNOVSZKI Kázmér | |
| 245 | 1 | 0 | |a Kortársunk, a történelem. Mítosz és valóság |c VAJNOVSZKI Kázmér |
| 695 | |a kisebbségtörténet | ||
| 695 | |a szatmári béke, 1711 | ||
| 695 | |a kurucok | ||
| 695 | |a pozsonyi országgyűlés, 1712 | ||
| 695 | |a országgyűlés (Pozsony, 1712) | ||
| 695 | |a Rákóczi-szabadságharc | ||
| 695 | |a RÁKÓCZI Ferenc II. | ||
| 695 | |a KORPONAY Jánosné (Géczy Julianna) | ||
| 773 | 0 | |t A Hét. - |g 40 sz., 1998, 4 p. | |